00355nam a2200121Ia 4500008004100000020001800041050002800059100002100087245004900108260004800157300002100205521000700226140609s9999 xx 000 0 und d a9781602601925 aBV 4596.T43b.Sh58 2008 aShumway, Denise. aPower prayers for teachers /cDenise Shumway aUhrichsville, Ohio :bBarbour Pub.,cc2008. a221 p. ;c18 cm. aGE